Devine la chanson #9 - Statistiques

Statistiques générales
  • Ce quiz a été pris 89 fois
  • Le résultat moyen est 118 sur 276
Statistiques - réponses
Paroles % Correct
à
96%
a
96%
Je
96%
je
96%
la
93%
le
92%
tu
91%
il
89%
de
84%
Et
81%
et
81%
es
80%
Les
80%
les
80%
me
76%
Me
76%
ce
73%
mon
69%
que
69%
67%
ou
67%
Ou
67%
pour
67%
Pour
67%
va
67%
Ça
65%
ça
65%
un
65%
toi
63%
en
61%
En
61%
est
61%
une
60%
dans
59%
on
59%
On
59%
ne
57%
Ne
57%
s'en
53%
moi
51%
si
51%
tes
51%
plus
48%
Quand
48%
quand
48%
Comme
45%
comme
45%
Tout
45%
tout
45%
fait
44%
veux
44%
c'est
39%
sur
37%
peut
32%
Être
31%
être
31%
monde
25%
yeux
25%
peux
24%
lune
23%
tête
21%
puis
20%
vient
20%
L'amour
17%
l'amour
17%
cigarette
16%
rêves
16%
brûle
13%
passer
13%
pique
13%
Sylvie Vartan
13%
L'amour c'est comme une cigarette
12%
entre
11%
monte
11%
nuage
11%
Qu'il
11%
allumette
9%
doigts
9%
fumée
9%
pleurer
9%
s'envole
8%
serai
8%
flambe
7%
n'est
7%
voudrais
7%
bleue
5%
blonde
5%
Blonde
5%
brune
5%
Brune
5%
gitane
5%
idées
5%
panne
5%
américaine
4%
brûler
4%
consumer
4%
douce
4%
envie
4%
française
4%
glisser
4%
N'être
4%
Anglaise
3%
deviens
3%
robe
3%
roule
3%
sage
3%
sucrée
3%
T'emmener
3%
t'entraînent
3%
bague
1%
cigarettes
1%
crois-pas
1%
dorée
1%
mente
1%
menthe
1%
tabac
1%
t'intoxiquer
1%
Aucun quiz correspondant
Distribution des résultats
% des personnes avec chaque résultat
Percentile par nombre de réponses
Votre historique - résultats
Vous n’avez pas pris ce quiz